Lý thuyết trò chơi trong kinh doanh

Wedi'i Gadw mewn:
Manylion Llyfryddiaeth
Prif Awdur: Brandenburger, Adam M.
Fformat: Llyfr
Iaith:Undetermined
Cyhoeddwyd: Hà Nội Tri thức 2008
Pynciau:
Tagiau: Ychwanegu Tag
Dim Tagiau, Byddwch y cyntaf i dagio'r cofnod hwn!
Thư viện lưu trữ: Trung tâm Học liệu Trường Đại học Cần Thơ
LEADER 00542nam a2200193Ia 4500
001 CTU_154777
008 210402s9999 xx 000 0 und d
020 |c 72000 
082 |a 338.6 
082 |b B817 
100 |a Brandenburger, Adam M. 
245 0 |a Lý thuyết trò chơi trong kinh doanh 
245 0 |c Adam M.Brandenburger, Barry J.Nalebuff 
260 |a Hà Nội 
260 |b Tri thức 
260 |c 2008 
650 |a Business 
904 |i Diễm Châu 
980 |a Trung tâm Học liệu Trường Đại học Cần Thơ